| 000 | 00622nam a2200229Ia 4500 | ||
|---|---|---|---|
| 003 | OSt | ||
| 005 | 20220926033625.0 | ||
| 006 | a|||||r|||| 00| 0 | ||
| 007 | ta | ||
| 008 | 220923b |||||||| |||| 00| 0 eng d | ||
| 037 | _cGeneral Book | ||
| 040 |
_aRTL _cRTL _beng |
||
| 041 |
_2eng _aeng |
||
| 082 | _aBm73,N59.N66, K6.32 | ||
| 110 | _aMATHMATICAL REVIEWS | ||
| 245 | 0 | _aMathmatical reviews | |
| 260 |
_aUSA _bThe American mathmatical society _c1966 |
||
| 300 |
_a919p _ccm. |
||
| 700 | _aMATHMATICAL REVIEWS | ||
| 942 |
_hBm73,N59.N66, K6.32 _cGB _2CC |
||
| 999 |
_c657265 _d657265 |
||